|
|
|
|
| LEADER |
01339cam a22003018a 4500 |
| 001 |
14020571 |
| 003 |
BD-DhAAL |
| 005 |
20130615122330.0 |
| 008 |
130615s2006 mau b 001 0 eng |
| 010 |
|
|
|a 2005049724
|
| 020 |
|
|
|a 9781845423025
|a 184542302X
|
| 040 |
|
|
|a DLC
|c DLC
|d BD-DhAAL
|
| 050 |
0 |
0 |
|a HD2741
|b .G6877 2006
|
| 082 |
0 |
0 |
|a 352.3
|2 22
|
| 245 |
0 |
0 |
|a Governance and the public sector /
|c edited by Ron Hodges.
|
| 260 |
|
|
|a Northampton, MA :
|b Edward Elgar Pub.,
|c 2006.
|
| 300 |
|
|
|a xviii, 599 p. :
|b ill. ;
|c 25 cm.
|
| 440 |
|
0 |
|a Corporate governance in the new global economy ;
|v 7
|9 2097
|
| 500 |
|
|
|a Series editors, Kevin Keasey, Steve Thompson and Mike Wright
|
| 504 |
|
|
|a Includes bibliographical references and index.
|
| 650 |
|
0 |
|a Corporate governance.
|9 1734
|
| 650 |
|
0 |
|a Corporations, Government
|x Management.
|9 2098
|
| 650 |
|
0 |
|a Government business enterprises
|x Management.
|9 2099
|
| 700 |
1 |
|
|a Hodges, Ron,
|d 1953-
|9 2100
|
| 942 |
|
|
|2 ddc
|c BK
|
| 999 |
|
|
|c 13566
|d 13566
|
| 952 |
|
|
|0 0
|1 0
|2 ddc
|4 0
|6 352_300000000000000_GOV
|7 0
|9 22700
|a IGS
|b IGS
|c GEN
|d 2013-06-15
|e Karim International
|g 16000.00
|l 0
|o 352.3 GOV
|p 3010027151
|r 2013-06-15
|t 1
|w 2013-06-15
|y BK
|
| 952 |
|
|
|0 0
|1 0
|2 ddc
|4 0
|6 352_300000000000000_GOV
|7 0
|9 22701
|a IGS
|b IGS
|c GEN
|d 2013-06-15
|e Karim International
|g 16000.00
|l 0
|o 352.3 GOV
|p 3010027152
|r 2013-06-15
|t 2
|w 2013-06-15
|y BK
|